Die 25 reichsten Menschen weltweit (2025) - Statistiken

Allgemein
  • Dieses Quiz wurde 86 mal gespielt
  • Das Durchschnittsergebnis liegt bei 5 aus 25
Antwortstatistiken
💲 🚩 Branche | Firma Name % Korrekt
488 Mrd. 🇺🇸 Tesla | X Elon Musk
100%
255 Mrd. 🇺🇸 Meta Mark Zuckerberg
85%
106 Mrd. 🇺🇸 Microsoft Bill Gates
75%
233 Mrd. 🇺🇸 Amazon Jeff Bezos
75%
149 Mrd. 🇺🇸 BerkshireHathaway Warren Buffet
28%
205 Mrd. 🇺🇸 Google Larry Page
25%
159 Mrd. 🇫🇷 LVMH Bernard Arnault
17%
190 Mrd. 🇺🇸 Google Sergey Brin
17%
154 Mrd. 🇺🇸 Microsoft Steve Ballmer
15%
344 Mrd. 🇺🇸 Oracle Larry Ellison
14%
123 Mrd. 🇺🇸 Walmart Rob Walton
11%
112 Mrd. 🇺🇸 Walmart Alice Walton
10%
105 Mrd. 🇲🇽 Telmex Carlos Slim Helú
10%
121 Mrd. 🇺🇸 Walmart Jim Walton
10%
124 Mrd. 🇪🇸 Zara Amancio Ortega
7%
74 Mrd. 🇺🇸 u.a. Erdöl & Chemie Charles Koch
6%
155 Mrd. 🇺🇸 Nvidia Jensen Huang
4%
81 Mrd. 🇺🇸 u.a. Erdöl & Chemie Julia Koch
4%
109 Mrd. 🇺🇸 Medien Michael Bloomberg
4%
102 Mrd. 🇮🇳 KonglomeratsReliance Industries Mukesh Ambani
1%
78 Mrd. 🇺🇸 Interactive Brokers Thomas Peterffy
1%
80 Mrd. 🇨🇦 Binance Changpeng Zhao
0%
90 Mrd. 🇫🇷 L'Oréal Francoise Bettencourt Meyers
0%
138 Mrd. 🇺🇸 PC Michael Dell
0%
77 Mrd. 🇨🇳 Nongfu Spring (Getränke) Zhong Shanshan
0%
Keine übereinstimmenden Quizze gefunden
Verteilung der Resultate
Anzahl Personen mit jedem Resultat
Perzentil nach korrekt beantworteten Fragen
Ihre Resultats-Entwicklung
Sie haben dieses Quiz noch nicht gespielt